Name All of the DLR Stations - Statistics

General Stats
  • This quiz has been taken 38 times
  • The average score is 29 of 45
Answer Stats
Zone Other Lines Answer % Correct
1 CentralNorthern Waterloo & City Bank
93%
2/3 CentralElizabeth Jubilee Mildmay Stratford
93%
2/3 - Stratford High Street
93%
2/3 - Stratford International
93%
3 (Airport) London City Airport
89%
2 ElizabethJubilee Canary Wharf
85%
2/3 - Lewisham
81%
3 - Beckton
78%
2/3 - Cutty Sark
74%
2/3 - Greenwich
74%
2 - Heron Quays
74%
2 - Limehouse
74%
2 - Poplar
74%
2/3 Jubilee Canning Town
70%
3 Elizabeth Custom House
70%
1 - Tower Gateway
70%
2 - Westferry
70%
2 - All Saints
67%
3 - Beckton Park
67%
2/3 - East India
67%
2 - Mudchute
67%
2/3 - Pudding Mill Lane
67%
4 - Woolwich Arsenal
67%
3 - Cyprus
63%
3 - King George V
63%
2 Windrush Shadwell
63%
2/3 DistrictHammersmith & City Jubilee West Ham
63%
2 - Bow Church
59%
2 - Island Gardens
59%
2 - West India Quay
59%
2/3 - Elverson Road
56%
3 - Gallions Reach
56%
3 - Prince Regent
56%
2/3 - Star Lane
56%
2 - Crossharbour
52%
2 - Langdon Park
52%
3 - Royal Victoria
52%
3 - Royal Albert
48%
2/3 - Deptford Bridge
44%
3 - Pontoon Dock
44%
2 - South Quay
44%
2 - Devons Road
41%
2/3 - Abbey Road
37%
2 - Blackwall
37%
3 - West Silvertown
37%
No matching quizzes found
Score Distribution
Percent of People with Each Score
Percentile by Number Answered
Your Score History
You have not taken this quiz